O trudnostyah pri upotreblenii v rechi russkih slov studentami-inostrancami
Článok sa zaoberá bežnými lexikálnymi chybami v reči zahraničných študentov a poukazuje na účelnosť vyučovania noriem používania slov v ruštine ako cudzom jazyku na funkčno-sémantickej báze s využitím komponentovej analýzy.
Na minha lista:
| Autor principal: | |
|---|---|
| Formato: | Capítulo de Livro |
| Idioma: | russo |
| Assuntos: | |
| Tags: |
Sem tags, seja o primeiro a adicionar uma tag!
|
MARC
| LEADER | 00000naa$a2200000$$$4500 | ||
|---|---|---|---|
| 001 | 0306325 | ||
| 005 | 20250120145543.7 | ||
| 041 | 0 | |a rus | |
| 044 | |a RU | ||
| 245 | 1 | 0 | |a O trudnostyah pri upotreblenii v rechi russkih slov studentami-inostrancami |c Marina Vazanova |
| 520 | |a Článok sa zaoberá bežnými lexikálnymi chybami v reči zahraničných študentov a poukazuje na účelnosť vyučovania noriem používania slov v ruštine ako cudzom jazyku na funkčno-sémantickej báze s využitím komponentovej analýzy. | ||
| 610 | 2 | 0 | |a jazyky cudzie |
| 610 | 2 | 0 | |a vyučovanie |
| 610 | 2 | 0 | |a jazykoveda |
| 610 | 2 | 0 | |a ruština |
| 100 | 1 | |a Vazanova, Marina, 1976- | |